[Event "San Sebastian op 43rd"]
[Site "San Sebastian"]
[Date "2023.04.01"]
[Round "1"]
[White "Prieto Aranguren, Alain"]
[Black "Lobato Lavin, Alvaro"]
[Result "1-0"]
[WhiteElo "2280"]
[BlackElo "1751"]
[PlyCount "61"]
[EventDate "2023.04.01"]
[EventType "swiss"]
[EventRounds "9"]
[EventCountry "ESP"]
[SourceTitle "CBM 213 Extra"]
[Source "ChessBase"]
[SourceDate "2023.05.31"]
[SourceVersion "1"]
[SourceVersionDate "2023.05.31"]
[SourceQuality "1"]

1. d4 Nf6 2. c4 c5 3. d5 e6 4. Nc3 exd5 5. cxd5 d6 6. e4 g6 7. f3 Bg7 8. Bg5 0-0 9. Qd2 Nbd7 10. Nh3 Re8 11. Nf2 a6 12. a4 Qc7 13. Be2 Rb8 14. 0-0 c4 15. Ra3 b5 16. axb5 axb5 17. b4 Ne5 18. Rfa1 Bd7 19. Be3 Rb7 20. Bd4 h6 21. Ra7 g5 22. Rxb7 Qxb7 23. Ra7 Qc8 24. Bf1 Nh5 25. Ne2 Ng6 26. Bxg7 Kxg7 27. Qd4+ Kg8 28. Nc3 Ne5 29. Qb6 Qb8 30. Qa5 Nf4 31. h3 1-0

[Event "Platja d'Aro op-B 7th"]
[Site "Platja d'Aro"]
[Date "2019.06.27"]
[Round "4"]
[White "Palacin Martin, Ricardo"]
[Black "Lobato Lavin, Alvaro"]
[Result "0-1"]
[WhiteElo "2008"]
[BlackElo "1872"]
[PlyCount "38"]
[EventDate "2019.06.24"]
[EventType "swiss"]
[EventRounds "9"]
[EventCountry "ESP"]
[SourceTitle "CBM 191 Extra"]
[Source "ChessBase"]
[SourceDate "2019.09.30"]
[SourceVersion "1"]
[SourceVersionDate "2019.09.30"]
[SourceQuality "1"]

1. e4 c5 2. g3 d6 3. Bg2 g6 4. d3 Bg7 5. f4 Nc6 6. Nf3 e6 7. c3 Nge7 8. 0-0 0-0 9. Qe2 b6 10. e5 Ba6 11. c4 d5 12. Nc3 Qd7 13. b3 Rad8 14. Bb2 Nf5 15. Rad1 Ncd4 16. Qf2 Bb7 17. Ne2 Nc2 18. Rd2 Nce3 19. Re1 Ng4 0-1

[Event "Madrid Chamartin op 7th"]
[Site "Madrid"]
[Date "2018.09.09"]
[Round "9"]
[White "Lobato Lavin, Alvaro"]
[Black "Longa Yauca, Javier"]
[Result "1-0"]
[WhiteElo "1936"]
[BlackElo "2287"]
[PlyCount "33"]
[EventDate "2018.09.03"]
[EventType "swiss"]
[EventRounds "9"]
[EventCountry "ESP"]
[SourceTitle "CBM 187 Extra"]
[Source "ChessBase"]
[SourceDate "2018.11.04"]
[SourceVersion "1"]
[SourceVersionDate "2018.11.04"]
[SourceQuality "1"]

1. e4 e5 2. Nf3 d6 3. d4 Nd7 4. Bc4 c6 5. a4 h6 6. 0-0 Be7 7. Nc3 Ngf6 8. Re1 0-0 9. h3 a5 10. Be3 Re8 11. dxe5 dxe5 12. Qd2 Qc7 13. Bxh6 gxh6 14. Qxh6 Bf8 15. Qg6+ Bg7 16. Qxf7+ Kh8 17. Nh4 1-0

[Event "Madrid Chamartin op 7th"]
[Site "Madrid"]
[Date "2018.09.06"]
[Round "6"]
[White "Porras Fernandez, Alberto"]
[Black "Lobato Lavin, Alvaro"]
[Result "1/2-1/2"]
[WhiteElo "1951"]
[BlackElo "1936"]
[PlyCount "84"]
[EventDate "2018.09.03"]
[EventType "swiss"]
[EventRounds "9"]
[EventCountry "ESP"]
[SourceTitle "CBM 187 Extra"]
[Source "ChessBase"]
[SourceDate "2018.11.04"]
[SourceVersion "1"]
[SourceVersionDate "2018.11.04"]
[SourceQuality "1"]

1. e4 c5 2. Nf3 d6 3. d4 cxd4 4. Nxd4 Nf6 5. Nc3 a6 6. h3 e5 7. Nb3 Be6 8. Bg5 Be7 9. Bxf6 Bxf6 10. Nd5 Bxd5 11. Qxd5 Qc7 12. 0-0-0 Be7 13. Kb1 0-0 14. h4 a5 15. a4 Nd7 16. Bb5 Nf6 17. Qd3 Rfd8 18. Qe2 d5 19. Nd2 Rac8 20. Rc1 dxe4 21. Nxe4 Nxe4 22. Qxe4 Rd4 23. Qe2 Rxh4 24. Rxh4 Bxh4 25. Qh5 Bf6 26. Bd3 h6 27. Qf5 Rd8 28. f4 Rd4 29. fxe5 Qxe5 30. Qh7+ Kf8 31. c3 Rxa4 32. Qh8+ Ke7 33. Qc8 g6 34. Rd1 Qe6 35. Qb8 Be5 36. Qxb7+ Kf8 37. Re1 Qd6 38. Kc2 Rf4 39. Qa8+ Kg7 40. Qxa5 Rf2+ 41. Re2 Rxe2+ 42. Bxe2 Bf4 1/2-1/2

[Event "Madrid Chamartin op 6th"]
[Site "Madrid"]
[Date "2017.09.06"]
[Round "4"]
[White "Lobato Lavin, Alvaro"]
[Black "Rottenwohrer Suarez, Juan"]
[Result "0-1"]
[WhiteElo "1937"]
[BlackElo "2180"]
[PlyCount "60"]
[EventDate "2017.09.04"]
[EventType "swiss"]
[EventRounds "9"]
[EventCountry "ESP"]
[SourceTitle "CBM 180 Extra"]
[Source "ChessBase"]
[SourceDate "2017.10.06"]
[SourceVersion "1"]
[SourceVersionDate "2017.10.06"]
[SourceQuality "1"]

1. e4 c5 2. Nf3 g6 3. d4 cxd4 4. c3 Bg7 5. Bc4 e6 6. cxd4 d5 7. exd5 exd5 8. Bb5+ Nc6 9. 0-0 Nge7 10. Nc3 0-0 11. h3 Nf5 12. Bxc6 bxc6 13. Re1 Qd6 14. Ne5 f6 15. Nf3 Bd7 16. Na4 Rfe8 17. Rxe8+ Rxe8 18. Nc5 Bc8 19. b4 g5 20. g4 Ng3 21. Kg2 Ne4 22. Be3 h5 23. Nh2 f5 24. gxf5 Qh6 25. Nxe4 Rxe4 26. Qd2 Bxf5 27. Nf3 Qg6 28. Nxg5 Bf6 29. Rg1 Rxe3 30. fxe3 Bxg5 0-1

[Event "Collado Villalba op 30th"]
[Site "Collado Villalba"]
[Date "2013.08.27"]
[Round "5"]
[White "De la Orden Alcocer, Alejandro"]
[Black "Lobato Lavin, Alvaro"]
[Result "1-0"]
[WhiteElo "1932"]
[BlackElo "2040"]
[PlyCount "79"]
[EventDate "2013.08.23"]
[EventType "swiss"]
[EventRounds "9"]
[EventCountry "ESP"]
[SourceTitle "CBM 156 Extra"]
[Source "ChessBase"]
[SourceDate "2013.10.22"]
[SourceVersion "1"]
[SourceVersionDate "2013.10.22"]
[SourceQuality "1"]

1. Nf3 Nf6 2. g3 g6 3. Bg2 Bg7 4. 0-0 0-0 5. c4 d6 6. Nc3 c5 7. Rb1 Nc6 8. a3 a5 9. d3 Bd7 10. Bg5 h6 11. Bd2 Qc8 12. Re1 e5 13. Qc2 Be6 14. Nb5 Qd7 15. b4 axb4 16. axb4 Nd4 17. Qc1 Nxb5 18. cxb5 cxb4 19. Bxb4 Rfc8 20. Qd2 Ra2 21. Rb2 Rxb2 22. Qxb2 Qxb5 23. Qa3 Ne8 24. Bxd6 Nxd6 25. Qxd6 Qb2 26. h4 b5 27. Nh2 b4 28. Be4 Bh3 29. Nf3 b3 30. Kh2 Bg4 31. Qd5 Bxf3 32. Bxf3 Qd2 33. Rb1 b2 34. Qb7 Rc2 35. Bd5 h5 36. Qxf7+ Kh7 37. Be4 Qxe2 38. Qxg6+ Kg8 39. Qe8+ Bf8 40. Bd5+ 1-0

[Event "San Sebastian de los Reyes op 13th"]
[Site "San Sebastian"]
[Date "2011.12.09"]
[Round "8"]
[White "Perez de Aranda, Leonardo Ivan"]
[Black "Lobato Lavin, Alvaro"]
[Result "1-0"]
[WhiteElo "2117"]
[BlackElo "2033"]
[PlyCount "41"]
[EventDate "2011.12.02"]
[EventType "swiss"]
[EventRounds "9"]
[EventCountry "ESP"]
[SourceTitle "CBM 145 Extra"]
[Source "ChessBase"]
[SourceDate "2012.01.03"]
[SourceVersion "1"]
[SourceVersionDate "2012.01.03"]
[SourceQuality "1"]

1. e4 c5 2. Nf3 d6 3. d4 cxd4 4. Nxd4 Nf6 5. Nc3 a6 6. f4 e5 7. Nf3 Qc7 8. a4 Be7 9. Bd3 0-0 10. 0-0 Nbd7 11. Kh1 b6 12. Qe1 Bb7 13. h4 g6 14. f5 d5 15. fxg6 hxg6 16. exd5 e4 17. Nxe4 Nxe4 18. Bxe4 Nf6 19. d6 Bxd6 20. Bxb7 Rfe8 21. Qc3 1-0

[Event "Collado Villalba op-A 27th"]
[Site "Collado Villalba"]
[Date "2010.08.27"]
[Round "8"]
[White "Cao Armillas, Jesus"]
[Black "Lobato Lavin, Alvaro"]
[Result "1-0"]
[WhiteElo "2191"]
[BlackElo "2044"]
[PlyCount "59"]
[EventDate "2010.08.20"]
[EventType "swiss"]
[EventRounds "10"]
[EventCountry "ESP"]
[SourceTitle "CBM 138 Extra"]
[Source "ChessBase"]
[SourceDate "2010.10.29"]
[SourceVersion "1"]
[SourceVersionDate "2010.10.29"]
[SourceQuality "1"]

1. d4 Nf6 2. c4 c5 3. d5 e6 4. Nc3 exd5 5. cxd5 d6 6. e4 g6 7. f4 Bg7 8. Bb5+ Nfd7 9. a4 0-0 10. Nf3 Na6 11. 0-0 Nc7 12. Bd3 Re8 13. Nd2 Nf6 14. h3 b6 15. Qf3 Bb7 16. Nc4 Rf8 17. Bd2 Ba6 18. Rae1 Bxc4 19. Bxc4 Nd7 20. Bb5 a6 21. Bxd7 Qxd7 22. e5 Rae8 23. exd6 Qxd6 24. f5 Rxe1 25. Rxe1 Bd4+ 26. Kh1 Qf6 27. Qg3 Ne8 28. Bh6 Bxc3 29. Qxc3 Qxc3 30. bxc3 1-0

[Event "Collado Villalba op-A 27th"]
[Site "Collado Villalba"]
[Date "2010.08.25"]
[Round "6"]
[White "Pastor Alonso de Prado, Emilio Alberto"]
[Black "Lobato Lavin, Alvaro"]
[Result "1-0"]
[WhiteElo "2195"]
[BlackElo "2044"]
[PlyCount "59"]
[EventDate "2010.08.20"]
[EventType "swiss"]
[EventRounds "10"]
[EventCountry "ESP"]
[SourceTitle "CBM 138 Extra"]
[Source "ChessBase"]
[SourceDate "2010.10.29"]
[SourceVersion "1"]
[SourceVersionDate "2010.10.29"]
[SourceQuality "1"]

1. e4 c5 2. c3 d6 3. d4 Nf6 4. Bd3 g6 5. Nf3 Bg7 6. 0-0 0-0 7. h3 cxd4 8. cxd4 Nc6 9. Nc3 Nd7 10. Be3 e5 11. Nb5 a6 12. Nxd6 exd4 13. Bg5 Qc7 14. Bf4 Nde5 15. Nc4 Qe7 16. Nb6 Be6 17. Nxe5 Nxe5 18. Nxa8 Rxa8 19. b3 g5 20. Bxe5 Bxe5 21. Rc1 Qd7 22. Qh5 Bf4 23. Rc2 Kh8 24. g3 Bxh3 25. gxf4 Bg4 26. Qh6 Bf3 27. Qf6+ Kg8 28. Qxg5+ Kh8 29. Qf6+ Kg8 30. Kh2 1-0

[Event "Collado Villalba op-A 27th"]
[Site "Collado Villalba"]
[Date "2010.08.21"]
[Round "2"]
[White "Madina Yadarola, Martin"]
[Black "Lobato Lavin, Alvaro"]
[Result "1-0"]
[WhiteElo "2264"]
[BlackElo "2044"]
[PlyCount "47"]
[EventDate "2010.08.20"]
[EventType "swiss"]
[EventRounds "10"]
[EventCountry "ESP"]
[SourceTitle "CBM 138 Extra"]
[Source "ChessBase"]
[SourceDate "2010.10.29"]
[SourceVersion "1"]
[SourceVersionDate "2010.10.29"]
[SourceQuality "1"]

1. e4 c5 2. Nc3 d6 3. g3 Nc6 4. Bg2 Nf6 5. Nge2 e6 6. 0-0 Be7 7. d4 cxd4 8. Nxd4 Bd7 9. Ndb5 Qb8 10. Bf4 Ne5 11. a4 a6 12. Nd4 0-0 13. a5 Qc7 14. Nb3 Nc4 15. Bc1 Rad8 16. Qe1 Bc6 17. Qe2 d5 18. Bf4 e5 19. Bg5 Nxb2 20. exd5 Nxd5 21. Nxd5 Bxd5 22. Bxe7 Qxe7 23. Bxd5 Rxd5 24. Rfb1 1-0

[Event "Collado Villalba op-A 25th"]
[Site "Collado Villalba"]
[Date "2008.08.30"]
[Round "9"]
[White "Jimenez Gonzalez, Marcos"]
[Black "Lobato Lavin, Alvaro"]
[Result "0-1"]
[WhiteElo "1888"]
[BlackElo "2046"]
[PlyCount "86"]
[EventDate "2008.08.22"]
[EventType "swiss"]
[EventRounds "9"]
[EventCountry "ESP"]
[SourceTitle "EXT 2009"]
[Source "ChessBase"]
[SourceDate "2008.11.26"]
[SourceVersion "1"]
[SourceVersionDate "2008.11.26"]
[SourceQuality "1"]

1. Nf3 Nf6 2. c4 g6 3. Nc3 Bg7 4. e4 d6 5. d4 0-0 6. Be2 c5 7. 0-0 cxd4 8. Nxd4 Nc6 9. Nc2 Be6 10. Ne3 Rc8 11. Bd2 Nd4 12. Bd3 Nd7 13. f4 Nc5 14. Bb1 a5 15. f5 Bd7 16. Ned5 Nc6 17. a3 Ne5 18. Ba2 a4 19. Qe2 h6 20. Rad1 Kh7 21. Be1 Bc6 22. Bf2 Ncd7 23. Bh4 g5 24. Bg3 Nb6 25. Ne3 Nbd7 26. h4 g4 27. h5 Qa5 28. Ncd5 Bxd5 29. Nxd5 Nxc4 30. Be1 Qa6 31. Nxe7 b5 32. Nxc8 Rxc8 33. Bxc4 Rxc4 34. Bb4 Be5 35. f6 Nxf6 36. Rxf6 Bxf6 37. Qf2 Kg7 38. Bxd6 Rxe4 39. Kh1 Qc6 40. Bb4 Be5 41. Rf1 Rf4 42. Qe2 Qe4 43. Qxe4 Rxf1# 0-1

[Event "Collado Villalba op-A 25th"]
[Site "Collado Villalba"]
[Date "2008.08.24"]
[Round "3"]
[White "Gallardo Garcia, Andres"]
[Black "Lobato Lavin, Alvaro"]
[Result "1-0"]
[WhiteElo "2408"]
[BlackElo "2046"]
[PlyCount "57"]
[EventDate "2008.08.22"]
[EventType "swiss"]
[EventRounds "9"]
[EventCountry "ESP"]
[SourceTitle "CBM 126 Extra"]
[Source "ChessBase"]
[SourceDate "2008.11.05"]
[SourceVersion "1"]
[SourceVersionDate "2008.11.05"]
[SourceQuality "1"]

1. e4 c5 2. Nf3 d6 3. Bb5+ Bd7 4. Bxd7+ Qxd7 5. 0-0 Nc6 6. c3 Nf6 7. Qe2 e6 8. d4 cxd4 9. cxd4 Be7 10. Nc3 0-0 11. d5 exd5 12. exd5 Nb4 13. Rd1 a5 14. a3 Na6 15. Be3 Rac8 16. h3 Rfe8 17. Nd4 Nc5 18. Qf3 a4 19. Nf5 Bf8 20. Bd4 Nb3 21. Bxf6 gxf6 22. Rab1 Re5 23. Ng3 f5 24. Nh5 Kh8 25. Qg3 Bh6 26. f4 Re7 27. Nf6 Qd8 28. Nxa4 Bg7 29. Nh5 1-0

[Event "Collado Villalba op 24th"]
[Site "Collado Villalba"]
[Date "2007.08.24"]
[Round "2"]
[White "Solaesa Navalpotro, Luis Julio"]
[Black "Lobato Lavin, Alvaro"]
[Result "1-0"]
[WhiteElo "2291"]
[BlackElo "2055"]
[PlyCount "61"]
[EventDate "2007.08.23"]
[EventType "swiss"]
[EventRounds "9"]
[EventCountry "ESP"]
[SourceTitle "EXT 2008"]
[Source "ChessBase"]
[SourceDate "2007.11.25"]
[SourceVersion "1"]
[SourceVersionDate "2007.11.25"]
[SourceQuality "1"]

1. d4 Nf6 2. Nf3 g6 3. c4 Bg7 4. Nc3 c5 5. d5 e6 6. e4 exd5 7. cxd5 d6 8. Bd3 0-0 9. h3 b5 10. Nxb5 Nxe4 11. 0-0 a6 12. Na3 Nf6 13. Nc4 Bb7 14. Bf4 Nbd7 15. Bxd6 Re8 16. Ne3 Nxd5 17. Nxd5 Bxd5 18. Be2 Be6 19. Qd2 Qb6 20. Rac1 Qxb2 21. Rc2 Qb6 22. Ng5 Rac8 23. Nxe6 Rxe6 24. Bf4 Nf6 25. Bc4 Rd8 26. Qc1 Ree8 27. Qa3 Ne4 28. Qxa6 Qxa6 29. Bxa6 Bd4 30. Bb5 Re7 31. Re1 1-0

[Event "Madrid Once op 3rd"]
[Site "Madrid"]
[Date "2000.12.18"]
[Round "4"]
[White "Lobato Lavin, Alvaro"]
[Black "Roa Alonso, Santiago"]
[Result "0-1"]
[WhiteElo "2081"]
[BlackElo "2358"]
[PlyCount "56"]
[EventDate "2000.12.15"]
[EventType "swiss"]
[EventRounds "9"]
[EventCountry "ESP"]
[SourceTitle "EXT 2002"]
[Source "ChessBase"]
[SourceDate "2001.11.25"]
[SourceVersion "1"]
[SourceVersionDate "2001.11.25"]
[SourceQuality "1"]

1. e4 c6 2. d4 d5 3. f3 g6 4. Nc3 Bg7 5. Be3 Nf6 6. e5 Nfd7 7. Qd2 e6 8. f4 Bf8 9. Nf3 c5 10. 0-0-0 Nc6 11. dxc5 Nxc5 12. Qf2 Qa5 13. Bb5 Nd7 14. Nd4 Nxd4 15. Bxd4 a6 16. Bb6 Qb4 17. Ba4 Bh6 18. Rhf1 0-0 19. Bxd7 Bxd7 20. Bc5 Qa5 21. Bxf8 Bxf8 22. Kb1 Rc8 23. Ne4 Bb5 24. Nf6+ Kg7 25. Rfe1 Bc4 26. b3 Bb4 27. Re3 Bc3 28. Rh3 h5 0-1

[Event "Madrid Once op 2nd"]
[Site "Madrid"]
[Date "1999.??.??"]
[Round "?"]
[White "Lobato Lavin, Alvaro"]
[Black "Martinez, Fernando"]
[Result "1-0"]
[WhiteElo "2097"]
[BlackElo "2182"]
[PlyCount "31"]
[EventDate "1999.??.??"]
[EventType "swiss"]
[EventRounds "9"]
[EventCountry "ESP"]
[SourceTitle "EXT 2007"]
[Source "ChessBase"]
[SourceDate "2006.11.23"]
[SourceVersion "1"]
[SourceVersionDate "2006.11.23"]
[SourceQuality "1"]

1. e4 c5 2. Nf3 e6 3. d4 cxd4 4. Nxd4 Nf6 5. Nc3 Nc6 6. a3 Be7 7. Be2 a6 8. Be3 d6 9. 0-0 Qc7 10. f4 b5 11. Nxc6 Qxc6 12. e5 Nd7 13. Bf3 d5 14. Nxd5 exd5 15. Bxd5 Bc5 16. Bxc6 1-0